Statistics for Words that Rhyme with 'Thank'

Click here to take the quiz!

General Stats

  • This quiz has been taken 85 times
  • The average score is 15 of 20

Answer Stats

Hint Answer % Correct
The land alongside a River?Bank
96%
It didn't smell nice, it........?Stank
95%
What the Titanic did?Sank
93%
In the Army a private holds the lowest ..... ?Rank
93%
A heavy armoured fighting vehicle?Tank
93%
A sheet of paper not written on is ?Blank
92%
A sudden hard pull?Yank
85%
A practical Joke?Prank
85%
Unpleasantly damp and cold?Dank
84%
Turn a handle to start an Engine?Crank
81%
A long flat piece of Timber?Plank
78%
The noise made by a heavy chain?Clank
78%
He washed his shirt in hot water and it ?Shrank
77%
Long, limp and straight?Lank
73%
Open, sincere, or undisguised?Frank
73%
Part of the body between the ribs and the hip?Flank
69%
To slap with an open hand?Spank
68%
A coil or skein of wool or hair?Hank
54%
It was spent once in Paris?Franc
41%
Attempt to impress others, show off.?Swank
18%

Score Distribution

Percentile by Number Answered

Percent of People with Each Score

Your Score History

You have not taken this quiz